000
00338nam a2200157Ia 4500
100
_a
Schildt/ Herbert
250
_a
3
942
_c
BK
654
_a
Computer
245
_a
The Complete Reference C++ 3rd ed
260
_b
Tata Mc Graw hill
_c
1998
082
_a
005.133'C'
_b
SCH
300
_a
1008
546
_a
ENGLISH
999
_c
21139
_d
21139